[Event "ICS rated blitz match"]
[Site "204.178.125.65"]
[Date "1999.11.27"]
[Round "?"]
[White "kabayo"]
[Black "Hossa"]
[Result "0-1"]
[WhiteElo "2093"]
[BlackElo "2410"]
[PlyCount "70"]
[EventDate "1999.??.??"]

1. e4 c5 2. f4 Nc6 3. Nf3 Qc7 4. g3 e5 5. d3 Nf6 6. Nc3 a5 7. Bg2 d6 8. h3 Be6
9. O-O Be7 10. a4 O-O 11. f5 Bd7 12. g4 h6 13. h4 Nxg4 14. Nd5 Qd8 15. Bh3 Nf6
16. Nxe7+ Qxe7 17. Kh2 d5 18. Qe2 dxe4 19. dxe4 Nd4 20. Qg2 Kh8 21. c3 Nb3 22.
Rg1 Rg8 23. Rb1 Bc6 24. Bg5 hxg5 25. hxg5 Nxe4 26. Qg4 Rgd8 27. Rbe1 Nbd2 28.
Qh5+ Kg8 29. Nh4 f6 30. g6 Bd5 31. Bg2 Qd7 32. Qh7+ Kf8 33. Qh8+ Ke7 34. Qxg7+
Kd6 35. Qh6 35... Rh8 {kabayo resigns} 0-1

[Event "ICS rated blitz match"]
[Site "204.178.125.65"]
[Date "1999.11.27"]
[Round "?"]
[White "Hossa"]
[Black "kabayo"]
[Result "0-1"]
[WhiteElo "2414"]
[BlackElo "2089"]
[PlyCount "138"]
[EventDate "1999.??.??"]

1. e4 c6 2. Nc3 d6 3. Nf3 Nf6 4. d4 g6 5. Bd3 Nbd7 6. e5 Nd5 7. Nxd5 cxd5 8.
exd6 e6 9. Qe2 Bxd6 10. Bh6 Qf6 11. O-O Rg8 12. Bg5 Qg7 13. Rfe1 h6 14. Be3 g5
15. Rab1 Qf6 16. Nd2 Kf8 17. c4 Kg7 18. cxd5 exd5 19. Rbc1 Nb8 20. Bb1 Nc6 21.
Qb5 Ne7 22. Nf3 a6 23. Qd3 Bf5 24. Qb3 b5 25. Bxf5 Qxf5 26. a4 b4 27. Bd2 a5
28. Re2 Rac8 29. Qd1 Rxc1 30. Bxc1 Rc8 31. Be3 Rc7 32. Ne1 Qc8 33. Qd3 Qb7 34.
Bd2 Rc4 35. b3 Rc6 36. Qh3 Qc8 37. Qh5 Qf5 38. Kh1 Ng6 39. h3 Bf4 40. Qf3 Re6
41. Bxf4 Nxf4 42. Re3 Qb1 43. Kh2 Rxe3 44. Qxe3 Qe4 45. g4 Kf6 46. Qxe4 dxe4
47. Nc2 Ne2 48. d5 Ke5 49. d6 Kxd6 50. Kg2 Kc5 51. Ne3 Nc1 52. Nf5 Nxb3 53. h4
Nd4 54. hxg5 Nxf5 55. gxh6 Nxh6 56. g5 Nf5 57. f3 b3 58. fxe4 b2 59. exf5 b1=Q
60. g6 fxg6 61. f6 Qf5 62. Kh2 Qxf6 63. Kg3 Qf5 64. Kg2 Kd4 65. Kg3 Ke3 66. Kg2
Qg4+ 67. Kf1 Qe2+ 68. Kg1 Kf3 69. Kh1 69... Qg2# {Hossa checkmated} 0-1

[Event "ICS rated blitz match"]
[Site "204.178.125.65"]
[Date "1999.11.27"]
[Round "?"]
[White "Hossa"]
[Black "kabayo"]
[Result "1-0"]
[WhiteElo "2392"]
[BlackElo "2111"]
[PlyCount "99"]
[EventDate "1999.??.??"]

1. d4 c6 2. c4 f5 3. Nf3 Nf6 4. Bf4 d6 5. e3 g6 6. Bd3 Bg7 7. O-O O-O 8. Nc3
Kh8 9. Qd2 Qe8 10. Bg5 e5 11. Bc2 Nbd7 12. dxe5 dxe5 13. Rad1 h6 14. Bh4 e4 15.
Nd4 Ne5 16. b3 a6 17. Bb1 Ra7 18. f4 Nf7 19. Na4 b5 20. Nc5 bxc4 21. bxc4 a5
22. Ncb3 a4 23. Nc5 Nd6 24. Qb4 Ng4 25. Qb8 Nxe3 26. Qxa7 Nxf1 27. Kxf1 Nxc4
28. Nc2 e3 29. Rd8 e2+ 30. Kg1 e1=Q+ 31. Nxe1 Qe3+ 32. Bf2 Qxf4 33. Qe7 Rxd8
34. Qxd8+ Kh7 35. Qxc8 Nd2 36. Bd3 Ne4 37. Nxe4 fxe4 38. Bc4 h5 39. Qxc6 e3 40.
Bg3 Qd4 41. Qxa4 h4 42. Bxh4 Kh6 43. Bg5+ Kxg5 44. Nf3+ Kf4 45. Nxd4 Bxd4 46.
Bb3 Ke5 47. Qe8+ Kf4 48. g3+ Kf3 49. Kf1 e2+ 50. Qxe2# {kabayo checkmated} 1-0

[Event "ICS rated blitz match"]
[Site "204.178.125.65"]
[Date "1999.11.27"]
[Round "?"]
[White "Hossa"]
[Black "kabayo"]
[Result "1-0"]
[WhiteElo "2402"]
[BlackElo "2101"]
[PlyCount "49"]
[EventDate "1999.??.??"]

1. d4 Nf6 2. c4 g6 3. Nc3 c6 4. e4 d6 5. Nf3 Bg7 6. Bg5 O-O 7. Bd3 Qe8 8. O-O
e5 9. Qb3 Nbd7 10. Rad1 h6 11. Be3 Ng4 12. Qa3 Qe7 13. dxe5 Ngxe5 14. Nxe5 Nxe5
15. Be2 Be6 16. c5 dxc5 17. Bxc5 Qh4 18. Be7 g5 19. Bxf8 Bxf8 20. Qa5 Ng6 21.
Qc7 Nf4 22. Qxb7 Bc4 23. Bxc4 Qg4 24. Qxf7+ Kh8 25. Qg8# {kabayo checkmated}
1-0

[Event "ICS rated blitz match"]
[Site "204.178.125.65"]
[Date "1999.11.27"]
[Round "?"]
[White "Amateur"]
[Black "Hossa"]
[Result "1/2-1/2"]
[WhiteElo "2462"]
[BlackElo "2407"]
[PlyCount "88"]
[EventDate "1999.??.??"]

1. Nf3 Nf6 2. c4 g6 3. g3 Bg7 4. Nc3 O-O 5. Bg2 c5 6. d4 cxd4 7. Nxd4 d6 8. O-O
Nbd7 9. b3 Nc5 10. Bg5 Ne6 11. Nxe6 fxe6 12. Qd2 Rf7 13. Bh6 Bxh6 14. Qxh6 Qf8
15. Qg5 Nd7 16. Rad1 Qg7 17. Nb5 Ne5 18. Nc7 Rb8 19. Qe3 b6 20. Bh3 Qf6 21. Rd4
Qh8 22. Rh4 a6 23. Bg2 Rf6 24. Be4 h5 25. Bg2 Ng4 26. Qg5 Qh7 27. e4 Ne5 28. f3
Nf7 29. Qc1 Ne5 30. Qe3 a5 31. g4 Rb7 32. Na8 b5 33. Nb6 Bd7 34. Nxd7 Nxd7 35.
gxh5 gxh5 36. Qd2 bxc4 37. Qxa5 Rg6 38. Qd8+ Nf8 39. Qc8 Ra7 40. Qxc4 Rxa2 41.
Rf2 Ra1+ 42. Rf1 Ra2 43. Rf2 Ra1+ 44. Rf1 44... Ra2 {Game drawn by repetition}
1/2-1/2

[Event "ICS rated blitz match"]
[Site "204.178.125.65"]
[Date "1999.11.27"]
[Round "?"]
[White "Hossa"]
[Black "Amateur"]
[Result "0-1"]
[WhiteElo "2410"]
[BlackElo "2459"]
[PlyCount "140"]
[EventDate "1999.??.??"]

1. d4 d5 2. c4 e6 3. Nc3 Nf6 4. Qc2 dxc4 5. e3 c5 6. dxc5 Bxc5 7. Bxc4 Bd7 8.
Nf3 Bc6 9. e4 Bb4 10. Bd3 Nbd7 11. Be3 Ng4 12. O-O Nxe3 13. fxe3 Rc8 14. Rad1
Qa5 15. Rf2 Bxc3 16. Qxc3 Qxc3 17. bxc3 Nc5 18. Ne5 Nxd3 19. Rxd3 Bxe4 20. Rd4
f5 21. c4 Rc5 22. Rfd2 Ke7 23. Rd7+ Kf6 24. Nf7 Rb8 25. Nd6 Bc6 26. Rf7+ Kg6
27. Re7 Re5 28. Rd3 a6 29. Kf2 h5 30. e4 f4 31. Kf3 Rf8 32. Rb3 Kf6 33. Rc7 g5
34. h4 gxh4 35. Kxf4 Rg5 36. Rf3 Kg6+ 37. Ke3 Rxf3+ 38. Kxf3 Rg3+ 39. Kf2 Ra3
40. Re7 Rxa2+ 41. Kf3 Kf6 42. Rh7 Ra3+ 43. Kf2 h3 44. gxh3 Rxh3 45. c5 e5 46.
Rh6+ Kg5 47. Re6 Kh4 48. Rxe5 Rh1 49. Ke3 a5 50. Re7 Re1+ 51. Kd4 a4 52. Rh7 a3
53. Nf5+ Kg5 54. Ne3 a2 55. Nc2 Bxe4 56. Re7 Bxc2 57. Rxe1 Bb1 58. Rg1+ Kh6 59.
Rd1 a1=Q+ 60. Ke3 Qc3+ 61. Ke2 Qxc5 62. Rxb1 Qc2+ 63. Kf3 Qxb1 64. Kf2 h4 65.
Ke3 h3 66. Kd4 h2 67. Ke5 h1=Q 68. Kf6 Qc6+ 69. Ke7 Qe1+ 70. Kf7 70... Qee8# {
Hossa checkmated} 0-1

[Event "ICS rated blitz match"]
[Site "204.178.125.65"]
[Date "1999.11.27"]
[Round "?"]
[White "MissSilicon"]
[Black "Hossa"]
[Result "1-0"]
[WhiteElo "2627"]
[BlackElo "2396"]
[Annotator "regina"]
[PlyCount "123"]
[EventDate "1999.??.??"]

1. e4 c6 2. Nc3 d6 3. Nf3 Nf6 4. d4 g6 5. Bc4 Bg7 6. Bg5 ({RR} 6. Qe2 6... b5
7. Bd3 Bg4 8. O-O Nfd7 9. Be3 b4 10. Na4 Qa5 11. b3 e5 12. a3 exd4 13. Bd2 Ne5
14. axb4 Qd8 15. Qd1 Nxf3+ 16. gxf3 Bh5 17. Be2 O-O 18. Ra2 Re8 19. Nb2 d5 20.
Nd3 Bxf3 21. Bxf3 dxe4 22. Bg2 exd3 23. cxd3 a6 24. b5 Ra7 25. bxc6 Qd6 26. Qf3
Be5 27. h3 Qe6 28. Qd5 Qf6 29. Qf3 Qe6 30. Re1 Qxb3 31. Ra5 Rae7 32. Raxe5 Rxe5
33. Rxe5 Rxe5 34. c7 Re8 35. Qb7 Qd1+ 36. Kh2 Qxd2 37. cxb8=Q Rxb8 38. Qxb8+
Kg7 39. Qe5+ f6 40. Qxd4 40... a5 {
Kuijf,M-Reinderman,D/NLD-ch 1996/TUR 96/1-0 (64)}) 6... Qb6 7. Rb1 $146 ({RR} 
7. O-O 7... Qxb2 8. Qd3 d5 9. exd5 Bf5 10. Qe3 Qb4 11. dxc6 Nxc6 12. Bxf6 Bxf6
13. Nd5 Qd6 14. Nxf6+ Qxf6 15. d5 Nb4 16. Qb3 Nxc2 17. Rac1 Nd4 18. Nxd4 Qxd4
19. Qxb7 O-O 20. Qxe7 Rfe8 21. Qa3 21... Rac8 {
Mueller,K-Kleinschmidt,F/GER-CupT 1993/BIG 90/1-0 (40)}) 7... h6 8. Bxf6 exf6
9. O-O O-O 10. Nh4 Kh8 11. Qd3 Qc7 12. a4 Re8 13. f4 b6 14. f5 g5 15. Nf3 Bb7
16. b4 Kg8 17. b5 Qd7 18. Rfe1 c5 19. Nd5 cxd4 20. Nxd4 Qc8 21. Qb3 Nd7 22.
Nxb6 axb6 23. Bxf7+ Kh8 24. Bxe8 Qxe8 25. Ne6 Nc5 26. Nxc5 dxc5 27. Rbd1 Rd8
28. Qe6 Kh7 29. e5 Qxe6 30. fxe6 Re8 31. exf6 Bxf6 32. Rd7+ Re7 33. Rxe7+ Bxe7
34. Rf1 Bd5 35. Rf7+ Kg6 36. Rxe7 Kf6 37. Rh7 Bxe6 38. a5 bxa5 39. b6 Bd5 40.
Rxh6+ Kg7 41. Rd6 Be4 42. Rd7+ Kf6 43. b7 Bxb7 44. Rxb7 Ke5 45. Rb5 Kd5 46.
Rxa5 Kd4 47. Kf2 Kc4 48. Ra3 Kd4 49. Rg3 c4 50. Ke2 Kc5 51. Rxg5+ Kd6 52. h4
Ke6 53. h5 Kf7 54. h6 Kf6 55. Rg8 Ke5 56. h7 Kf6 57. h8=Q+ Kf7 58. Rg7+ Ke6 59.
Qh6+ Kd5 60. Rg5+ Kd4 61. Qg7+ Ke4 62. Qe5# {Hossa checkmated} 1-0

[Event "ICS rated blitz match"]
[Site "204.178.125.65"]
[Date "1999.11.27"]
[Round "?"]
[White "Hossa"]
[Black "NSg3"]
[Result "1-0"]
[WhiteElo "2389"]
[BlackElo "2125"]
[Annotator "Hiarcs 7.32 (11s)"]
[PlyCount "93"]
[EventDate "1999.??.??"]

1. e4 1... Nf6 {Opening = 7.a4 Bg7} 2. e5 Nd5 3. c4 Nb6 4. d4 d6 5. exd6 cxd6
6. Nc3 g6 7. a4 Bg7 8. a5 (8. Nf3 Bg4 9. Be3 O-O 10. a5 N6d7 11. Be2 a6 12. d5
Qc8 13. Nd2 Bxe2 14. Qxe2 Nf6 15. h3 e6 16. O-O Nbd7 17. dxe6 fxe6 18. Bf4 e5
19. Bg5 Qc6 20. Bxf6 Nxf6 21. Nde4 Nxe4 22. Nxe4 22... Rac8 {
Davies,N-Tal,M/Tel Aviv 1990/EXP 20/1/2-1/2 (32)}) 8... N6d7 9. Nf3 $146 (9.
Be3 O-O 10. Nf3 Nc6 11. d5 (11. Qa4 e5 12. dxe5 dxe5 13. c5 Nd4 14. Ne4 Nf6 15.
Nd6 Bd7 16. Qd1 Nxf3+ 17. gxf3 Bc6 18. Bd3 Ng4 19. Be4 Nxe3 20. fxe3 Qh4+ 21.
Ke2 Rfd8 22. Bxc6 bxc6 23. Ra4 Qh3 24. Qf1 Qe6 25. Rb4 Rab8 26. Qe1 Qd5 27. Nb7
Qd3+ 28. Kf2 Qc2+ 29. Kg3 Rd2 30. a6 Rg2+ 31. Kh3 Re2 32. Qb1 Rxh2+ 33. Rxh2
Qxb1 34. Rd2 Qe1 35. Rd8+ {0-1 Guid,M-Grabert,R/Bled op 1995/EXP 46 (35)})
11... Nce5 12. Nxe5 Bxe5 13. Be2 Nc5 14. Ra3 Bf5 15. O-O b6 16. b4 Na6 17. Qb3
Qb8 18. axb6 axb6 19. c5 Nc7 20. cxb6 Rxa3 21. Qxa3 Bxc3 22. bxc7 Qxb4 23. Ra1
Kg7 24. Qxb4 Bxb4 25. Ra7 Bc3 26. Bb6 e6 27. g4 {
1-0 Lutz,K-Schneider,H/Hessen-ch Doernigheim 1994/GER 08 (27)}) (9. Ra3 O-O 10.
Be2 Nc6 11. Nf3 b6 12. axb6 Nxb6 13. O-O Bg4 14. Be3 d5 15. cxd5 Nxd5 16. Nxd5
Qxd5 17. Qa4 Rfb8 18. Rc1 Rxb2 19. Rc5 Qd8 20. Qxc6 Rxe2 21. h3 Bxf3 22. Qxf3
Re1+ 23. Kh2 23... e6 {Delaney,J-Leow,L/Novi Sad olm 1990/TD 90\06/0-1 (94)})
9... O-O 10. Ra3 Nc6 11. d5 Nce5 12. Nxe5 Nxe5 13. Be2 b6 14. axb6 Qxb6 15. O-O
a6 16. Be3 Qc7 17. b3 Nf3+ 18. Bxf3 Bxc3 19. Bh6 Bg7 20. Bxg7 Kxg7 21. Re1 Bb7
22. Qd2 Kg8 23. Bg4 f5 24. Bd1 a5 25. Qh6 Rf7 26. Ra4 Bc8 27. Ra2 Bb7 28. Rae2
Re8 29. Re3 a4 30. bxa4 Qxc4 31. Bb3 Qd4 32. Rd1 Qg7 33. Qf4 Ra8 34. Rb1 Ba6
35. Ba2 Rff8 36. Qh4 Ra7 37. Rbe1 Re8 38. Bb3 h6 39. Re6 Kh7 40. Qf4 Raa8 41.
Qe3 Bc8 42. Rxe7 Rxe7 43. Qxe7 Ra7 (43... Qxe7 44. Rxe7+ Kg8 45. f3 $18) 44.
Qxd6 Bd7 (44... Qc3 45. Re7+ Rxe7 46. Qxe7+ 46... Kh8 $18) 45. Re7 Bxa4 (45...
Be8 {nuetzt auch nichts mehr} 46. Rxg7+ Rxg7 47. Qd8 $18) 46. Rxg7+ Rxg7 47.
Bxa4 (47. Bxa4 h5 48. Qc6 $18) 1-0

[Event "ICS rated standard match"]
[Site "204.178.125.65"]
[Date "1999.11.27"]
[Round "?"]
[White "Zippy"]
[Black "Hossa"]
[Result "1-0"]
[WhiteElo "2123"]
[BlackElo "2226"]
[Annotator "regina"]
[PlyCount "143"]
[EventDate "1999.??.??"]

1. e4 c5 2. Nf3 d6 3. d4 Nf6 4. Nc3 cxd4 5. Qxd4 Nc6 ({RR} 5... Nbd7 6. h3 e5
7. Qd3 b5 8. a4 b4 9. Nd5 Bb7 10. c4 bxc3 11. Nxc3 d5 12. exd5 Bb4 13. Nd2 {
1/2-1/2 Yandemirov,V-Rogozenko,D/Lvov 1995/EXP 50 (13)}) 6. Qc4 $146 ({RR} 6.
Qd2 6... a6 7. h3 e6 8. b3 b5 9. Nd4 Bb7 10. Qe3 Be7 11. Nxc6 Bxc6 12. Bd3 O-O
13. O-O Nd7 14. Qg3 Bf6 15. Bb2 Nc5 16. Rae1 Nxd3 17. cxd3 Rc8 18. Rc1 Be5 19.
f4 Bd4+ 20. Kh1 Qf6 21. Rc2 b4 22. Na4 Bxa4 23. Rxc8 Rxc8 24. Bxd4 Qxd4 25.
bxa4 Rc3 26. Rf3 Rc1+ 27. Kh2 27... Qg1# {
0-1 Otene,E-Chilingirova,P/Manila olw 1992/TD 92\07 (27)}) ({RR} 6. Bb5 6...
Bd7 ({RR} 6... e5 7. Qd3 h6 8. Nd5 a6 9. Nxf6+ Qxf6 10. Bxc6+ bxc6 11. c4 Be6
12. O-O Be7 13. b3 O-O 14. Bb2 Rad8 15. c5 d5 16. Nxe5 dxe4 17. Qe2 Qg5 18.
Nxc6 Rde8 19. Nxe7+ Rxe7 20. Qe3 Qg6 21. Rfd1 {
Ionescu,L-Jicman,L/ROM-chW 1992/TD 93\02/1-0 (48)}) 7. Qd3 a6 8. Bxc6 Bxc6 9.
Bg5 e6 10. O-O-O Be7 11. Nd4 Rc8 12. f4 h6 13. Bxf6 Bxf6 14. h4 Qb6 15. Nde2
Qa5 16. g4 b5 17. a3 b4 18. axb4 Qxb4 19. g5 Bb5 20. Qg3 20... Be7 {
Dmitriev,I-Yasinsky,V/Novgorod op 1995/EXP 49/1-0 (54)}) 6... Bg4 7. h3 Be6 8.
Qb5 Qb8 9. Bg5 a6 10. Qd3 g6 11. Bxf6 exf6 12. Nd5 Bg7 13. O-O-O O-O 14. g4 Re8
15. Kb1 Qa7 16. Rd2 Ne5 17. Nxe5 Bxd5 18. Qxd5 dxe5 19. Bc4 Rf8 20. f3 Rac8 21.
Bb3 Bh6 22. Rd3 Qb6 23. Rhd1 Bg7 24. Qd6 Rc6 25. Qa3 Rcc8 26. Rd7 Rc7 27. Rxc7
Qxc7 28. Qd6 Qa5 29. Qe7 b6 30. a3 Qc5 31. Qxc5 bxc5 32. Bc4 a5 33. Rd5 Rc8 34.
Rd7 Bh6 35. Rxf7 Kh8 36. Rxf6 Rb8 37. b3 Rd8 38. Bd5 Rf8 39. g5 Rxf6 40. gxf6
Bd2 41. Kb2 g5 42. c3 h5 43. Kc2 Be1 44. Kd3 Kh7 45. Bf7 h4 46. Kc4 Bd2 47. a4
Kh6 48. Kd5 Bxc3 49. Kd6 c4 50. bxc4 g4 51. fxg4 Kg5 52. Ke6 Bb4 53. Be8 Ba3
54. f7 Bf8 55. Kxe5 Kh6 56. Kf6 Kh7 57. g5 Kh8 58. e5 Kh7 59. c5 Bg7+ 60. Kf5
Bf8 61. c6 Be7 62. c7 Kg7 63. c8=Q Bb4 64. Qa6 Kf8 65. Qh6+ Ke7 66. Qe6+ Kf8
67. Qh6+ Ke7 68. f8=Q+ Kd8 69. Qff6+ Kc8 70. Qe6+ Kb7 71. Qb6+ Kc8 72. Qhe6# {
Hossa checkmated} 1-0

[Event "ICS rated blitz match"]
[Site "204.178.125.65"]
[Date "1999.11.27"]
[Round "?"]
[White "joejan"]
[Black "Hossa"]
[Result "0-1"]
[WhiteElo "2231"]
[BlackElo "2395"]
[PlyCount "90"]
[EventDate "1999.??.??"]

1. e4 c5 2. Nc3 Nc6 3. f4 Qc7 4. d3 e5 5. Nf3 Nf6 6. fxe5 Nxe5 7. Bg5 Be7 8.
Be2 Nxf3+ 9. Bxf3 O-O 10. O-O Ng4 11. Bxg4 Bxg5 12. Nd5 Qd6 13. Bf5 g6 14. Bh3
f5 15. c4 fxe4 16. Rxf8+ Qxf8 17. dxe4 Qg7 18. Qe2 b6 19. Rf1 Bb7 20. e5 Re8
21. Qg4 Rxe5 22. Qxd7 Qxd7 23. Bxd7 Kg7 24. Nc3 Be3+ 25. Kh1 Bd4 26. Bg4 Ba6
27. Nb5 Bxb5 28. cxb5 Bxb2 29. Rd1 Bd4 30. g3 Re4 31. Bf3 Re3 32. Kg2 Kf6 33.
Bc6 Re2+ 34. Kf3 Rxh2 35. a4 Ra2 36. Re1 Rxa4 37. Re8 h5 38. Rf8+ Kg5 39. Rf7
Ra3+ 40. Kg2 a5 41. Rb7 Ra2+ 42. Kf3 c4 43. Bd5 Kf5 44. Be4+ Ke5 45. Bxg6 45...
Rf2# {joejan checkmated} 0-1

[Event "ICS rated blitz match"]
[Site "204.178.125.65"]
[Date "1999.11.27"]
[Round "?"]
[White "saknight"]
[Black "Hossa"]
[Result "1/2-1/2"]
[WhiteElo "2137"]
[BlackElo "2401"]
[PlyCount "68"]
[EventDate "1999.??.??"]

1. e4 d5 2. exd5 Qxd5 3. Nc3 Qd6 4. Nf3 Nf6 5. d4 Nc6 6. Be3 a6 7. a3 Bg4 8. h3
Be6 9. Be2 O-O-O 10. O-O Bf5 11. Qd2 e5 12. Rad1 Qe7 13. d5 Be6 14. dxc6 Rxd2
15. cxb7+ Kxb7 16. Rxd2 e4 17. Nd4 Bd7 18. Nb3 Qe6 19. Rfd1 Kb8 20. Nd5 Nxd5
21. Rxd5 Bd6 22. Bxa6 Ba4 23. Bc4 Qg6 24. Ra5 Bxb3 25. cxb3 Rd8 26. Kf1 Be7 27.
Rxd8+ Bxd8 28. Ra6 Qh5 29. Be2 Qe5 30. Ra4 Qxb2 31. Rb4+ Ka8 32. Ra4+ Kb8 33.
Rb4+ Ka8 34. Ra4+ 34... Kb8 {Game drawn by repetition} 1/2-1/2

[Event "ICS rated blitz match"]
[Site "204.178.125.65"]
[Date "1999.11.27"]
[Round "?"]
[White "Colorado"]
[Black "Hossa"]
[Result "1-0"]
[WhiteElo "2486"]
[BlackElo "2397"]
[Annotator "regina"]
[PlyCount "117"]
[EventDate "1999.??.??"]

1. e4 c5 2. Nf3 e6 3. d4 cxd4 4. Nxd4 Nf6 5. Nc3 d6 6. g4 Be7 7. g5 Nfd7 8. h4
Nc6 9. Be3 O-O 10. Qd2 Nxd4 ({RR} 10... a6 11. O-O-O Re8 12. Rg1 Nxd4 13. Qxd4
b5 14. h5 Bf8 15. g6 Qf6 16. gxh7+ Kxh7 17. e5 Qxe5 18. Qg4 Nf6 19. Qf3 Nd5 20.
Qxf7 Nxe3 21. fxe3 Rd8 22. Bd3+ Kh8 23. h6 {
1-0 Hellers,F-Sokolov,A/New York op 1990/EXP 16 (23)}) 11. Bxd4 11... b6 $146 (
{RR} 11... Ne5 12. Be2 Qc7 13. O-O-O Bd7 14. Bxe5 {
1-0 Gallagher,J-Holmes,D/BCF-ch 1987/TD 87\02 (14)}) 12. O-O-O Ne5 13. Be2 Bb7
14. f4 Nc6 15. Be3 Nb4 16. h5 a5 17. h6 g6 18. a3 Nc6 19. Na4 Rb8 20. Bxb6 Qc8
21. Kb1 Re8 22. Qc3 Bf8 23. Rxd6 e5 24. fxe5 Nxe5 25. Rd4 Qxc3 26. Nxc3 Bxa3
27. bxa3 Bc6 28. Nd5 Bxd5 29. exd5 Rxb6+ 30. Kc1 Nd7 31. Bd3 Nc5 32. Rhh4 Rd6
33. Rhg4 Re5 34. Be4 f5 35. gxf6 Rxf6 36. Kd2 Rf2+ 37. Kc3 Re2 38. d6 Re8 39.
Bd5+ Kh8 40. Rc4 Nd7 41. Rge4 R2xe4 42. Rxe4 Rb8 43. Bc6 Rc8 44. Kd4 Nf6 45.
Re6 Rxc6 46. Rxf6 Rc8 47. d7 Rd8 48. Rf7 Kg8 49. Re7 g5 50. Re8+ Kf7 51. Rxd8
Ke6 52. Rh8 Kxd7 53. Rxh7+ Kc6 54. Rg7 Kb5 55. h7 Ka4 56. h8=Q Kxa3 57. Qb8 a4
58. Ra7 g4 59. Qb3# {Hossa checkmated} 1-0

[Event "ICS rated blitz match"]
[Site "204.178.125.65"]
[Date "1999.11.27"]
[Round "?"]
[White "Hossa"]
[Black "AlBundy"]
[Result "1-0"]
[WhiteElo "2385"]
[BlackElo "2524"]
[Annotator "regina"]
[PlyCount "77"]
[EventDate "1999.??.??"]

1. e4 Nf6 2. e5 Nd5 3. c4 Nb6 4. d4 d6 5. exd6 cxd6 6. Nc3 Bf5 7. Qf3 ({RR} 7.
Be3 7... e6 8. Nf3 Be7 9. d5 e5 10. c5 dxc5 11. Bb5+ N8d7 12. Nxe5 O-O 13. Qf3
Nxe5 14. Qxf5 Nxd5 15. Qxe5 Bf6 16. Qe4 Nxc3 17. bxc3 Bxc3+ 18. Ke2 Bxa1 19.
Rxa1 f5 20. Qe6+ Kh8 21. Bxc5 Qa5 22. a4 Rf6 23. Qe7 a6 24. Bd4 axb5 25. Bxf6
gxf6 26. Qxf6+ Kg8 27. Qe6+ Kh8 28. Qe5+ Kg8 29. Qe6+ {
1/2-1/2 Bisby,D-Menadue,J/Hastings Masters 1995/EXP 48 (29)}) 7... Qc8 ({RR} 
7... Qd7 8. c5 Qe6+ 9. Be3 dxc5 10. dxc5 N6d7 11. Nb5 Na6 12. Qxb7 Qe4 13. Qxa6
Qb4+ 14. Nc3 Qxb2 15. Rc1 Bc2 16. Nd5 e6 17. Nc7+ Kd8 18. Nxa8 Bxc5 19. Qa5+
Bb6 20. Nxb6 axb6 21. Qd2 {1-0 Mikac,M-Hribar,J/SLO-chT 1993/TD 93\08 (21)}) 8.
Qe2 $146 ({RR} 8. c5 8... dxc5 9. dxc5 Qxc5 10. Qxb7 Bc8 11. Bb5+ Bd7 12. Be3
Qc8 13. Qxc8+ Nxc8 14. Bxd7+ Kxd7 15. Ne4 Nd6 16. Nxd6 exd6 17. Ne2 Nc6 18. O-O
Be7 19. Rfd1 Rhd8 20. Rab1 Kc7 21. Nc3 Kb7 22. Nd5 22... Bf8 {
Neumark,T-Sperr,J/FRG-chJ 1988/TD 88\04/1-0 (50)}) 8... Nc6 9. Nb5 e6 10. g4
Bg6 11. Nf3 Nb4 12. Na3 Nd3+ 13. Kd1 Nxc4 14. Nxc4 Qxc4 15. Bg2 Rc8 16. h4 Nxc1
17. Qxc4 Rxc4 18. Rxc1 Rxc1+ 19. Kxc1 Be4 20. Kd2 d5 21. Rc1 Bb4+ 22. Ke3 O-O
23. Rc7 Rb8 24. Rd7 f6 25. a3 Ba5 26. Bh3 Bb6 27. g5 f5 28. Ne5 Kf8 29. Rf7+
Kg8 30. Rd7 Kf8 31. f3 Bc2 32. Rf7+ Kg8 33. Re7 Ba4 34. f4 g6 35. Bg2 Rc8 36.
Rxe6 Rc2 37. Bxd5 Rxb2 38. Re8+ Kg7 39. Rg8# {AlBundy checkmated} 1-0

[Event "ICS rated blitz match"]
[Site "204.178.125.65"]
[Date "1999.11.27"]
[Round "?"]
[White "GaryG"]
[Black "Hossa"]
[Result "1-0"]
[WhiteElo "2578"]
[BlackElo "2407"]
[Annotator "regina"]
[PlyCount "89"]
[EventDate "1999.??.??"]

1. Nf3 Nf6 2. g3 g6 3. b3 Bg7 4. Bb2 Nc6 ({RR} 4... b5 5. c4 ({RR} 5. Bg2 5...
Bb7 6. O-O O-O 7. c4 bxc4 8. bxc4 c5 9. d3 d6 10. Nbd2 Nc6 11. Rb1 Rb8 12. Bc3
Qd7 13. Qc2 Ba8 14. a3 Rb6 15. Rxb6 axb6 16. Rb1 Rb8 17. Ne1 Qe6 18. e3 Qf5 19.
Ne4 19... Ne5 {Shinkevich,V-Appel,R/Budapest FS02 GM 1996/EXP 51/1/2-1/2 (31)})
5... a6 6. Bg2 c6 7. O-O O-O 8. d3 d6 9. Nbd2 Bb7 10. Rc1 c5 11. d4 cxd4 12.
Nxd4 Bxg2 13. Kxg2 Qb6 14. e3 Nbd7 15. Qe2 b4 16. a3 {
1/2-1/2 Smyslov,V-Gulko,B/Biel izt 1976/IZT (16)}) 5. e4 $146 ({RR} 5. c4 5...
d6 6. d4 e6 7. Bg2 Bd7 8. O-O O-O 9. Nc3 Ne7 10. e4 c6 11. e5 dxe5 12. dxe5 Ne8
13. Ne4 b6 14. Qd2 Qc7 15. Rad1 Rd8 16. Nf6+ Bxf6 17. exf6 Nc8 18. Qh6 {
1-0 Agudelo,A-Wague,M/Thessaloniki olm 1988/TD 88\06 (18)}) 5... d6 6. Bg2 O-O
7. d3 e5 8. O-O Bg4 9. Qd2 Qd7 10. Ng5 h6 11. f3 hxg5 12. fxg4 Qxg4 13. Bf3 Qh3
14. Qxg5 Nd4 15. Bg2 Qg4 16. Qd2 Qh5 17. h3 Ne8 18. c3 Nc6 19. b4 f5 20. exf5
Rxf5 21. Na3 Rf6 22. b5 Nd8 23. Nc4 a6 24. Rxf6 Nxf6 25. b6 Rc8 26. Rf1 cxb6
27. Nxd6 Rc7 28. Qe3 Rc5 29. c4 Bh6 30. Qf2 Bg7 31. d4 Ra5 32. dxe5 Nd7 33. e6
Nxe6 34. Qf7+ Kh7 35. Qxe6 Bxb2 36. Qxd7+ Bg7 37. Ne8 Qh6 38. Nf6+ Kh8 39. Qe8+
Bf8 40. Ng4 Kh7 41. Rf7+ Qg7 42. Qxf8 Qxf7 43. Qxf7+ Kh8 44. Qf8+ Kh7 45. Nf6#
{Hossa checkmated} 1-0

[Event "ICS rated blitz match"]
[Site "204.178.125.65"]
[Date "1999.11.27"]
[Round "?"]
[White "Hossa"]
[Black "GaryG"]
[Result "0-1"]
[WhiteElo "2398"]
[BlackElo "2587"]
[Annotator "regina"]
[PlyCount "120"]
[EventDate "1999.??.??"]

1. Nf3 Nf6 2. g3 d5 3. Bg2 c6 4. O-O Bg4 5. Ne5 Bf5 6. c4 6... Nfd7 $146 ({RR} 
6... e6 7. d4 Nbd7 ({RR} 7... Be7 8. Nc3 O-O 9. cxd5 exd5 10. f3 c5 11. Kh1 Nc6
12. Nxc6 bxc6 13. dxc5 Bxc5 14. Na4 Bd6 15. Bg5 h6 16. Bxf6 Qxf6 17. e4 Bg6 18.
exd5 cxd5 19. Qxd5 Rab8 20. b3 Rfd8 21. Qa5 Bd3 22. Qxa7 {
Lau,U-Boensch,U/Bad Woerishofen 1991/TD 91\04/0-1 (41)}) 8. Bg5 Qb6 9. Nxd7
Nxd7 10. b3 h6 11. c5 Qa6 12. Bd2 Be7 13. Re1 Bf6 14. Bb4 b6 15. cxb6 Qxb6 16.
Bc3 O-O 17. e4 Bg6 18. Qd2 a5 19. Qe3 a4 20. Nd2 Rfd8 21. Rab1 {
Lopatina,O-Fischdick,G/BLW9394 1994/BIG 90/0-1 (59)}) 7. d4 Nxe5 8. dxe5 e6 9.
Bf4 Nd7 10. cxd5 exd5 11. Qb3 Nc5 12. Qc3 Be7 13. Na3 Ne4 14. Qb3 Qb6 15. Be3
Qxb3 16. axb3 O-O 17. Nb1 Nc5 18. Nd2 a6 19. Bd4 Rfe8 20. Rfc1 Ne6 21. Bb6 Bb4
22. Nf3 Be4 23. Ra4 c5 24. Ba5 b5 25. Ra2 Bxf3 26. Bxf3 Bxa5 27. Rxa5 Nd4 28.
Rc3 Nxf3+ 29. exf3 Rac8 30. f4 Rc6 31. b4 c4 32. Rca3 f6 33. exf6 Re2 34. fxg7
Rxb2 35. Rxa6 Rxa6 36. Rxa6 Rxb4 37. Rd6 c3 38. Rd8+ Kxg7 39. Rd7+ Kf6 40. Rd6+
Kf7 41. Rd7+ Ke6 42. Rc7 Rc4 43. Ra7 c2 44. Ra6+ Kf5 45. Ra1 c1=Q+ 46. Rxc1
Rxc1+ 47. Kg2 b4 48. h4 b3 49. Kf3 b2 50. g4+ Ke6 51. Ke3 b1=Q 52. f5+ Kf7 53.
f3 Rc4 54. g5 Qb3+ 55. Kf2 Rf4 56. g6+ Ke8 57. Ke2 Rxf3 58. Kd2 Re3 59. gxh7
Qc3+ 60. Kd1 60... Re1# {Hossa checkmated} 0-1